Equidad en la educación superior : diseño y resultados de programas de acceso en universidades selectivas /

Detalles Bibliográficos
Autores principales: Santelices, María Verónica, 1974- (Autor), Catalán, Ximena, 1984- (Autor), Horn, Catherine L. (Autor)
Formato: Electrónico eBook
Lenguaje:español
Publicado: Santiago, Chile : Ediciones UC, [2018]
Colección:Colección Estudios en educación.
Materias:
Acceso en línea:Digitalia Hispánica

MARC

LEADER 00000nam a2200000Ii 4500
001 DIGUCCH0225
003 NyNyDIG
006 m o d
007 cr |||||||||||
008 250714s2018 cl a ob 000 0 spa d
035 |a (OCoLC)1109899559 
040 |a DGITA  |b eng  |e rda  |e pn  |c DGITA 
020 |a 9789561423015  |q edición digital 
020 |z 9789561422674  |q edición impresa 
043 |a s-cl--- 
050 1 4 |a LB2397 ebook 
100 1 |a Santelices, María Verónica,  |d 1974-  |e author. 
245 1 0 |a Equidad en la educación superior :  |b diseño y resultados de programas de acceso en universidades selectivas /  |c María Verónica Santelices, Ximena Catalán, Catherine L. Horn. 
264 1 |a Santiago, Chile :  |b Ediciones UC,  |c [2018] 
300 |a 1 online resource :  |b illustrations. 
336 |a text  |b txt  |2 rdacontent 
337 |a computer  |b c  |2 rdamedia 
338 |a online resource  |b cr  |2 rdacarrier 
347 |a text file  |2 rdaft 
347 |b EPUB 
490 1 |a Colección Estudios en educación 
504 |a Includes bibliographical references. 
588 0 |a Online resource; title from ePub title page (Digitalia, viewed July 14, 2025) 
650 0 |a College students  |z Chile. 
650 0 |a Education, Higher  |z Chile. 
700 1 |a Catalán, Ximena,  |d 1984-  |e author. 
700 1 |a Horn, Catherine L.,  |e author. 
776 0 8 |i Print version:  |a Santelices, María Verónica, 1974-  |t Equidad en la educación superior.  |d Santiago, Chile : Ediciones UC, [2018]  |z 9789561422674 
791 2 |a Digitalia (Firm),  |e distributor. 
793 0 |g Digitalia eBook Collection:  |a Universidad Católica de Chile 
830 0 |a Colección Estudios en educación. 
856 4 0 |3 Digitalia Hispánica  |u https://www.digitaliapublishing.com/a/175524/ 
910 |a Premium collection: 2025